Word Scramble - South American Cities - Statistics

General Stats
  • This quiz has been taken 18 times
  • The average score is 13 of 15
Answer Stats
City Answer % Correct
tobaog Bogota
100%
siiralab Brasilia
100%
icla Cali
100%
aacrcas Caracas
100%
imal Lima
100%
tiqou Quito
100%
meelb Belem
94%
paazl LaPaz
94%
tenveiomdo Montevideo
94%
asoulaop SaoPaulo
88%
unroseibsea BuenosAires
81%
taaoinigs Santiago
81%
iardejeioron RioDeJaneiro
75%
racoaaimb Maracaibo
63%
rleaootepgr PortoAlegre
56%
No matching quizzes found
Score Distribution
Percent of People with Each Score
Percentile by Number Answered
Your Score History
You have not taken this quiz